| 000 | 00891nam a22002777a 4500 | ||
|---|---|---|---|
| 001 | 8252 | ||
| 003 | FISKH | ||
| 005 | 20251205134530.0 | ||
| 008 | 250905b cb ||||| |||| 00| 0 eng d | ||
| 020 | _a0895655144 | ||
| 040 |
_aFISKH _beng _cFISKH _dFISKH |
||
| 050 | _aQL754.M38 | ||
| 082 | _a591.52 | ||
| 100 | _aMcDonnell, Janet | ||
| 245 |
_aAnimal migration / _cBy Janet McDonnell |
||
| 260 |
_aChicago, Illinois , _bChildrens Press , _c1989. |
||
| 300 |
_a46 pages : _bcolor illustrations ; _c19 cm . |
||
| 490 | _aAmazing Animal Facts | ||
| 505 | _aM | ||
| 520 | _aExamines, in question and answer format, the migration habits of such animals as the caribou, red crab, Arctic tern, and California gray whale. | ||
| 521 | 8 |
_a550
_bLexile estimate |
|
| 521 | 8 |
_aM
_bRaz-Plus |
|
| 650 |
_aAnimals-migration _vNon-fiction |
||
| 942 |
_2ddc _cBK _n0 |
||
| 999 |
_c8252 _d8252 |
||